00400cam a2200157ua 45000010005000000080039000050400009000440820012000531000030000652450047000952500009001422600038001513000013001896530013002026530027002152652110901n ii |||gr||||Z||||||asm cMAIN a491.4511 aNarjari, Surath,eAuthor.11aSaral borobhasa sikshacby Surath Narjari  a1st. aKokrajhar:bNagendra Library,961. a28p:9cm. aFolklore aSaral borobhasa siksha